[Event "ODJM C 2022"]
[Site "Willingen GER"]
[Date "2022.06.08"]
[Round "6"]
[White "Gauer, Liam"]
[Black "Peglau, Lorena"]
[Result "1/2-1/2"]
[Termination "normal"]
[Board "9"]
[WhiteElo "1028"]
[BlackElo "1224"]
[PlyCount "104"]
[WhiteFideId "16235720"]
[BlackFideId "16290542"]
[EventCountry "GER"]
[EventRounds "9"]
[EventType "swiss"]
[EventDate "2022.06.04"]

1. d4 e6 2. Bf4 d5 3. e3 Nf6 4. Nf3 c5 5. dxc5 Bxc5 6. Nc3 Nc6 7. Qd3 Bd7 8. a3
O-O 9. Be2 Rc8 10. O-O Re8 11. Ne5 Nxe5 12. Bxe5 a6 13. h3 b5 14. b4 Bb6 15.
Rfd1 Rc6 16. a4 Rc4 17. a5 Ba7 18. Rab1 Qe7 19. Na2 Ne4 20. f3 Nf6 21. Qd2 Rc6
22. c3 Rec8 23. Rbc1 Be8 24. Kh1 h6 25. g4 Nd7 26. Bd4 Bb8 27. e4 Qh4 28. Bf1
dxe4 29. fxe4 Nf6 30. Bf2 Bg3 31. Bxg3 Qxg3 32. Qg2 Qxg2+ 33. Bxg2 Rc4 34. Rd4
e5 35. Rxc4 Rxc4 36. Re1 Bd7 37. Kg1 Bc8 38. Kf2 Bb7 39. Ke3 Bxe4 40. Bxe4
Rxe4+ 41. Kd2 Rxe1 42. Kxe1 Kf8 43. Kd2 Ke7 44. Kd3 Kd6 45. c4 bxc4+ 46. Kxc4
Kc6 47. Nc3 g6 48. b5+ axb5+ 49. Nxb5 Kb7 50. Nd6+ Ka6 51. Nxf7 Kxa5 52. Nxe5
g5 1/2-1/2

[Event "ODJM C 2022"]
[Site "Willingen GER"]
[Date "2022.06.08"]
[Round "6"]
[White "Classen, Miguel"]
[Black "Hapke, Marvin"]
[Result "0-1"]
[Termination "normal"]
[Board "11"]
[WhiteElo "881"]
[BlackElo "1262"]
[PlyCount "42"]
[WhiteFideId "34623825"]
[BlackFideId "12996580"]
[EventCountry "GER"]
[EventRounds "9"]
[EventType "swiss"]
[EventDate "2022.06.04"]

1. e4 e5 2. Nf3 Nc6 3. Bb5 a6 4. Ba4 Nf6 5. O-O Nxe4 6. Re1 Nc5 7. Nxe5 Nxe5 8.
Rxe5+ Be7 9. Bb3 Nxb3 10. axb3 O-O 11. Qh5 g6 12. Qf3 d6 13. Rd5 Bd7 14. Rd4
Re8 15. Na3 Bc6 16. Qd1 Bf6 17. Rg4 Qe7 18. h3 Qe1+ 19. Qxe1 Rxe1+ 20. Kh2 Be5+
21. g3 Rh1# 0-1

[Event "ODJM C 2022"]
[Site "Willingen GER"]
[Date "2022.06.08"]
[Round "6"]
[White "Ginschel, Leonhard"]
[Black "Moissl, Julian"]
[Result "1-0"]
[Termination "normal"]
[Board "13"]
[WhiteElo "1236"]
[BlackElo "1146"]
[PlyCount "25"]
[WhiteFideId "16290917"]
[BlackFideId "16295129"]
[EventCountry "GER"]
[EventRounds "9"]
[EventType "swiss"]
[EventDate "2022.06.04"]

1. e4 e5 2. Nf3 Nc6 3. Bc4 Bc5 4. c3 Nf6 5. d4 Bb6 6. dxe5 Nxe4 7. Qd5 O-O 8.
Qxe4 Re8 9. O-O h6 10. Bd3 d6 11. Qh7+ Kf8 12. Qh8+ Ke7 13. Qxg7 1-0

[Event "ODJM C 2022"]
[Site "Willingen GER"]
[Date "2022.06.08"]
[Round "6"]
[White "Klockhaus, Daniel"]
[Black "Weidenhöfer, Ben"]
[Result "1-0"]
[Termination "normal"]
[Board "14"]
[WhiteElo "1451"]
[BlackElo "1044"]
[PlyCount "83"]
[WhiteFideId "16299132"]
[BlackFideId "16273702"]
[EventCountry "GER"]
[EventRounds "9"]
[EventType "swiss"]
[EventDate "2022.06.04"]

1. e4 d5 2. exd5 Qxd5 3. Nc3 Qd8 4. d4 Nf6 5. Bc4 Bf5 6. Nf3 c6 7. Ne5 e6 8.
Bg5 Be7 9. Qd2 Ne4 10. Nxe4 Bxe4 11. Bxe7 Qxe7 12. f3 Bd5 13. O-O-O Nd7 14. Qe2
Nxe5 15. dxe5 Bxc4 16. Qxc4 Qg5+ 17. f4 Qxg2 18. Rhg1 Qxh2 19. Rxg7 Qh4 20. Qd4
Kf8 21. Rgg1 Ke8 22. Qe4 Rd8 23. Rxd8+ Qxd8 24. f5 Qb6 25. Rd1 Rg8 26. fxe6
fxe6 27. Qxh7 Qe3+ 28. Kb1 Rg1 29. Qh8+ Kf7 30. Qf6+ Kg8 31. Qxe6+ Kg7 32. Qd7+
Kg6 33. Qe8+ Kf5 34. Qf7+ Ke4 35. Qh7+ Kf3 36. Qh3+ Rg3 37. Qxg3+ Kxg3 38. Rd3
Qxd3 39. cxd3 Kf4 40. e6 Ke3 41. Kc2 b5 42. e7 1-0

[Event "ODJM C 2022"]
[Site "Willingen GER"]
[Date "2022.06.08"]
[Round "6"]
[White "Bücker, Phil"]
[Black "Hildebrand, Azat"]
[Result "1-0"]
[Termination "normal"]
[Board "15"]
[WhiteElo "933"]
[BlackElo "1190"]
[PlyCount "147"]
[WhiteFideId "34623841"]
[BlackFideId "34607536"]
[EventCountry "GER"]
[EventRounds "9"]
[EventType "swiss"]
[EventDate "2022.06.04"]

1. d4 d5 2. Nc3 c5 3. dxc5 e6 4. Bf4 Bxc5 5. e3 a6 6. Nf3 Nc6 7. Bd3 Nge7 8.
Qd2 f6 9. O-O-O e5 10. Bg3 e4 11. Bxe4 dxe4 12. Qxd8+ Nxd8 13. Nxe4 Ne6 14. Bd6
Ba7 15. Rd2 Bb8 16. Rhd1 Nf5 17. Rd5 Nxd6 18. Nxd6+ Bxd6 19. Rxd6 O-O 20. Nd4
Nxd4 21. R1xd4 Re8 22. Rd8 Rxd8 23. Rxd8+ Kf7 24. a4 b5 25. a5 Bb7 26. Rd7+ Kg6
27. Rxb7 h5 28. Kd2 Kh6 29. f4 Kg6 30. Ke2 Rc8 31. c3 Rc6 32. Rb6 Rc4 33. Rxa6
Ra4 34. b4 Kf7 35. Rb6 Ke8 36. Rxb5 Kd8 37. Rxh5 Ra2+ 38. Kf3 Kc8 39. Rc5+ Kb7
40. h4 Ra1 41. g4 Rh1 42. h5 Rh3+ 43. Ke4 Rh4 44. Kf5 Rh3 45. e4 Rd3 46. e5
fxe5 47. fxe5 Rf3+ 48. Kg5 Rf8 49. Kg6 Rg8 50. Kf7 Rd8 51. e6 Rd1 52. e7 Rf1+
53. Kxg7 Re1 54. Kf7 Rf1+ 55. Ke8 Re1 56. h6 Ka6 57. h7 Rh1 58. Kf8 Rf1+ 59.
Kg7 Re1 60. h8=Q Rxe7+ 61. Kg6 Rb7 62. Qf6+ Ka7 63. Qb6+ Rxb6+ 64. axb6+ Kxb6
65. g5 Kb7 66. Kf7 Kb6 67. g6 Kb7 68. g7 Kb6 69. g8=Q Kb7 70. Qe8 Kb6 71. Qe6+
Kb7 72. Qd6 Ka7 73. Rc7+ Ka8 74. Qd8# 1-0

[Event "ODJM C 2022"]
[Site "Willingen GER"]
[Date "2022.06.08"]
[Round "6"]
[White "Moissl, Felix"]
[Black "Seelinger, Elina"]
[Result "1-0"]
[Termination "normal"]
[Board "16"]
[WhiteElo "928"]
[BlackElo "1022"]
[PlyCount "119"]
[WhiteFideId "34623574"]
[BlackFideId "34623485"]
[EventCountry "GER"]
[EventRounds "9"]
[EventType "swiss"]
[EventDate "2022.06.04"]

1. e4 e5 2. Nf3 Nc6 3. d4 exd4 4. Nxd4 Bc5 5. Be3 Nf6 6. Nxc6 bxc6 7. Bxc5 d6
8. Be3 Nxe4 9. Bd3 Nf6 10. O-O O-O 11. Nc3 Re8 12. Qf3 Bb7 13. Qh3 d5 14. Bg5
Bc8 15. Bxf6 Qxf6 16. Qxh7+ Kf8 17. Qh5 Rb8 18. Rab1 Re5 19. Qf3 Qxf3 20. gxf3
Bh3 21. f4 Bxf1 22. fxe5 Bxd3 23. cxd3 Re8 24. Re1 f6 25. e6 Ke7 26. Na4 Kd6
27. d4 Rxe6 28. Rxe6+ Kxe6 29. Kg2 Kf5 30. Kf3 g5 31. h3 Kg6 32. Nc5 Kf5 33.
Nb7 Kg6 34. b4 f5 35. Nd8 a6 36. Nxc6 f4 37. Kg4 Kf6 38. Nb8 a5 39. bxa5 c5 40.
Nd7+ Kg6 41. dxc5 d4 42. Ne5+ Kf6 43. Nd3 Ke6 44. a6 Kd5 45. Kf3 Kc4 46. Ke2
f3+ 47. Kd2 g4 48. hxg4 Kb5 49. a7 Kc4 50. g5 Kb5 51. a8=Q Kc4 52. Qa4+ Kd5 53.
Nf4+ Ke4 54. Qe8+ Kf5 55. g6 Kg5 56. g7 Kf6 57. g8=Q Kf5 58. Qgf7+ Kg5 59.
Qeg8+ Kh4 60. Qfh7# 1-0

[Event "ODJM C 2022"]
[Site "Willingen GER"]
[Date "2022.06.08"]
[Round "6"]
[White "Yan, Haichen"]
[Black "Lau, Lars"]
[Result "0-1"]
[Termination "normal"]
[Board "17"]
[WhiteElo "1188"]
[BlackElo "929"]
[PlyCount "78"]
[WhiteFideId "34607951"]
[BlackFideId "34623663"]
[EventCountry "GER"]
[EventRounds "9"]
[EventType "swiss"]
[EventDate "2022.06.04"]

1. d4 c5 2. dxc5 e6 3. c4 Bxc5 4. Nf3 Nc6 5. Nc3 b6 6. e3 Bb7 7. a3 Nf6 8. b4
Be7 9. Bb2 a6 10. Be2 O-O 11. O-O Qc7 12. Qc2 Ne5 13. Nxe5 Qxe5 14. Nd5 Qg5 15.
Nxe7+ Kh8 16. g3 Rfe8 17. f4 Qh6 18. Qd3 Rxe7 19. Qd6 Ree8 20. Qxb6 Bc6 21. b5
axb5 22. cxb5 Rab8 23. Qc5 Bd5 24. a4 Ne4 25. Qd4 Rbc8 26. Rac1 Qg6 27. Rxc8
Rxc8 28. Bh5 Qh6 29. Bxf7 Rc2 30. Bh5 Nf6 31. g4 Rg2+ 32. Kh1 Rxg4+ 33. e4
Bxe4+ 34. Qxe4 Nxe4 35. Bxg4 Ng3+ 36. Kg2 Nxf1 37. b6 Qxf4 38. b7 Ne3+ 39. Kh3
Qxg4# 0-1

[Event "ODJM C 2022"]
[Site "Willingen GER"]
[Date "2022.06.08"]
[Round "6"]
[White "Winkler, Frida"]
[Black "Schwedhelm, Dennis"]
[Result "0-1"]
[Termination "normal"]
[Board "18"]
[WhiteElo "960"]
[BlackElo "1154"]
[PlyCount "122"]
[WhiteFideId "34622322"]
[BlackFideId "16228995"]
[EventCountry "GER"]
[EventRounds "9"]
[EventType "swiss"]
[EventDate "2022.06.04"]

1. e4 Nf6 2. Nc3 d6 3. Nf3 Bg4 4. Be2 Nbd7 5. d4 e5 6. O-O g6 7. Bg5 h6 8. Be3
Bg7 9. Qd3 c6 10. d5 c5 11. h3 Bxf3 12. Bxf3 O-O 13. Nb5 Nb6 14. Qc3 a6 15.
Nxd6 Qxd6 16. Bxc5 Qc7 17. Bxf8 Qxc3 18. bxc3 Bxf8 19. Rab1 Bc5 20. Rfe1 Rd8
21. Red1 Ne8 22. Ra1 Nd6 23. a4 a5 24. Rdb1 Nbc4 25. Be2 Nd2 26. Rb2 N2xe4 27.
Rf1 Nxc3 28. Bf3 Nxa4 29. Ra2 b5 30. Rb1 Nc3 31. Rbb2 Nxa2 32. Rxa2 a4 33. Be2
a3 34. Ra1 b4 35. g3 Ne4 36. Bc4 Bxf2+ 37. Kg2 Bxg3 38. Kf3 Nd2+ 39. Kxg3 Nxc4
40. Rd1 Ne3 41. Re1 Nxc2 42. Rxe5 a2 43. Re2 a1=Q 44. Rxc2 Rxd5 45. Rc8+ Kg7
46. Re8 Qe5+ 47. Rxe5 Rxe5 48. Kf3 Kf6 49. Kf4 g5+ 50. Kg4 Re4+ 51. Kf3 Kf5 52.
Kg3 Re3+ 53. Kg2 Kf4 54. Kf2 Rxh3 55. Ke2 h5 56. Kf2 Rh2+ 57. Ke1 Ke3 58. Kf1
Ra2 59. Kg1 Kf3 60. Kh1 Kg3 61. Kg1 Ra1# 0-1

[Event "ODJM C 2022"]
[Site "Willingen GER"]
[Date "2022.06.08"]
[Round "6"]
[White "Eitel, Luc"]
[Black "Aguike, Chidera"]
[Result "0-1"]
[Termination "normal"]
[Board "19"]
[WhiteElo "1220"]
[BlackElo "1266"]
[PlyCount "118"]
[WhiteFideId "16299728"]
[BlackFideId "34611339"]
[EventCountry "GER"]
[EventRounds "9"]
[EventType "swiss"]
[EventDate "2022.06.04"]

1. e4 e5 2. Nf3 Nc6 3. Bc4 Bc5 4. c3 Nf6 5. d3 d6 6. a4 a6 7. Bg5 h6 8. Bh4 Qe7
9. Nbd2 Ba7 10. h3 Be6 11. Qb3 Rb8 12. Bxe6 fxe6 13. Nc4 O-O 14. Ne3 Qf7 15.
Bxf6 Qxf6 16. Ng4 Qg6 17. O-O-O h5 18. Ne3 Bxe3+ 19. fxe3 Qxg2 20. Qxe6+ Kh7
21. Nd2 Qg6 22. Qxg6+ Kxg6 23. Rhg1+ Kh6 24. d4 Rf2 25. h4 Rbf8 26. Rdf1 Rxf1+
27. Nxf1 Rf3 28. Ng3 g6 29. Kd2 Rf2+ 30. Kc1 Rh2 31. Rh1 Rxh1+ 32. Nxh1 g5 33.
hxg5+ Kxg5 34. Kd2 Kg4 35. Ke2 h4 36. Kf2 Ne7 37. Kg2 Ng6 38. Nf2+ Kg5 39. Nd3
Nh8 40. Kh3 Nf7 41. Nf2 Kh5 42. Kh2 Ng5 43. Kg2 c6 44. a5 Nh7 45. Kh3 Nf6 46.
dxe5 dxe5 47. c4 Nd7 48. b4 c5 49. Nd3 cxb4 50. Nxb4 Nc5 51. Nd5 Nxe4 52. Ne7
Ng5+ 53. Kh2 Kg4 54. Ng6 Nf3+ 55. Kh1 Kg3 56. c5 h3 57. Nf4 exf4 58. exf4 h2
59. f5 Ne1 0-1

[Event "ODJM C 2022"]
[Site "Willingen GER"]
[Date "2022.06.08"]
[Round "6"]
[White "Wolf, Adam"]
[Black "Schilay, Vinzenz"]
[Result "0-1"]
[Termination "normal"]
[Board "20"]
[WhiteElo "926"]
[BlackElo "1003"]
[PlyCount "74"]
[WhiteFideId "34623426"]
[BlackFideId "12983209"]
[EventCountry "GER"]
[EventRounds "9"]
[EventType "swiss"]
[EventDate "2022.06.04"]

1. e4 e5 2. d4 exd4 3. c3 c5 4. Nf3 Nc6 5. cxd4 cxd4 6. Nxd4 Nxd4 7. Qxd4 d6 8.
Bc4 Nf6 9. e5 dxe5 10. Qxd8+ Kxd8 11. Bxf7 b6 12. O-O Bc5 13. Bg5 Ke7 14. Bd5
Rb8 15. Re1 Bd4 16. Nc3 Kd6 17. Bb3 Ba6 18. Rad1 Rhd8 19. Be3 Kc7 20. Bxd4 exd4
21. Ne4 Rbc8 22. Rc1+ Kb7 23. Rxc8 Kxc8 24. Be6+ Kb8 25. Ng5 d3 26. Bb3 d2 27.
Ra1 Rc8 28. Rd1 Rc1 29. Nf3 Be2 30. Nxd2 Bxd1 31. Bxd1 Rxd1+ 32. Nf1 Ne4 33. h3
Nd2 34. b3 Rxf1+ 35. Kh2 Rxf2 36. Kg1 Ne4 37. Kh2 Rxa2 0-1

[Event "ODJM C 2022"]
[Site "Willingen GER"]
[Date "2022.06.08"]
[Round "6"]
[White "Hasselmann, Isabelle Sophia"]
[Black "Fize, Aleksandrs"]
[Result "1-0"]
[Termination "normal"]
[Board "21"]
[WhiteElo "1270"]
[BlackElo "933"]
[PlyCount "97"]
[WhiteFideId "16266951"]
[BlackFideId "34623779"]
[EventCountry "GER"]
[EventRounds "9"]
[EventType "swiss"]
[EventDate "2022.06.04"]

1. e4 c5 2. Nc3 e6 3. f4 Nc6 4. Nf3 Qc7 5. d3 a6 6. a4 b6 7. Be2 Bb7 8. O-O Nf6
9. Qe1 Nb4 10. Qd2 Be7 11. Nd1 O-O 12. b3 Rad8 13. Nf2 d5 14. e5 Ne4 15. Nxe4
dxe4 16. Ne1 Qd7 17. Qc3 Qc6 18. dxe4 a5 19. Qg3 Qxe4 20. Be3 Nd5 21. Rf3 Nc3
22. Bd3 Rxd3 23. cxd3 Qxd3 24. Nxd3 Ne2+ 25. Kf2 Nxg3 26. Rxg3 Bh4 27. Kg1 Bxg3
28. hxg3 Rd8 29. Nb2 Be4 30. Kf2 h6 31. Rd1 Rxd1 32. Nxd1 Bc2 33. Nc3 Bxb3 34.
g4 Kf8 35. f5 exf5 36. gxf5 Ke7 37. Kf3 f6 38. e6 h5 39. Bf4 c4 40. Ke4 Bxa4
41. Nxa4 b5 42. Nc3 b4 43. Nd5+ Ke8 44. Bd6 b3 45. Nc7+ Kd8 46. e7+ Kc8 47.
e8=Q+ Kb7 48. Qa8+ Kb6 49. Qa6# 1-0

[Event "ODJM C 2022"]
[Site "Willingen GER"]
[Date "2022.06.08"]
[Round "6"]
[White "Wagner, Valentin Thien-Phú"]
[Black "Kanno, Gabriel"]
[Result "1-0"]
[Termination "normal"]
[Board "28"]
[WhiteElo "1043"]
[BlackElo "838"]
[PlyCount "65"]
[WhiteFideId "34603492"]
[BlackFideId "34623973"]
[EventCountry "GER"]
[EventRounds "9"]
[EventType "swiss"]
[EventDate "2022.06.04"]

1. e4 e5 2. Nf3 Nc6 3. Bc4 Bc5 4. Nc3 Nf6 5. d3 h6 6. Be3 Bb4 7. Qd2 a6 8. a3
Ba5 9. b4 Bb6 10. O-O d6 11. h3 O-O 12. Nd5 Bxe3 13. fxe3 h5 14. Bb3 Kh8 15.
Nxf6 Qxf6 16. Nd4 Qg6 17. Nxc6 Bxh3 18. Ne7 Qg5 19. Nd5 c6 20. Nc3 c5 21. Kh1
cxb4 22. axb4 Rfc8 23. gxh3 Qg3 24. Qg2 Qxe3 25. Nd5 Qd4 26. Rxf7 Rg8 27. Ne7
Qxa1+ 28. Kh2 Ra7 29. Rf1 Qc3 30. Nxg8 Qxb4 31. Nh6 gxh6 32. Rf8+ Kh7 33. Qg8#
1-0

[Event "ODJM C 2022"]
[Site "Willingen GER"]
[Date "2022.06.10"]
[Round "8"]
[White "Ginschel, Leonhard"]
[Black "Fahlbusch, Niclas"]
[Result "1-0"]
[Termination "normal"]
[Board "9"]
[WhiteElo "1236"]
[BlackElo "1280"]
[PlyCount "97"]
[WhiteFideId "16290917"]
[BlackFideId "16271548"]
[EventCountry "GER"]
[EventRounds "9"]
[EventType "swiss"]
[EventDate "2022.06.04"]

1. e4 c5 2. Nf3 e6 3. d4 cxd4 4. Nxd4 Nc6 5. a3 Qc7 6. Nc3 a6 7. Be3 Nf6 8. Be2
b6 9. Qd2 Bb7 10. Nxc6 Bxc6 11. Bf3 Be7 12. O-O O-O 13. Bf4 Qb7 14. Rfe1 Rfd8
15. Bd6 Bxd6 16. Qxd6 Ne8 17. Qf4 Nf6 18. Rad1 d5 19. exd5 Nxd5 20. Nxd5 Bxd5
21. Bxd5 Rxd5 22. Rxd5 Qxd5 23. Qe3 Qc6 24. Qd3 a5 25. Rd1 g6 26. c3 b5 27. Qd7
Qxd7 28. Rxd7 Rb8 29. Kf1 Kf8 30. Ra7 a4 31. Rd7 h5 32. Rd4 Ke7 33. Ke2 e5 34.
Rb4 Kd6 35. c4 Kc5 36. Rxb5+ Rxb5 37. cxb5 Kxb5 38. Kd3 f5 39. Kc3 f4 40. f3 g5
41. b4 axb3 42. Kxb3 g4 43. a4+ Ka5 44. Kc4 e4 45. fxe4 f3 46. gxf3 gxf3 47.
Kd3 Kxa4 48. Ke3 f2 49. Kxf2 1-0

[Event "ODJM C 2022"]
[Site "Willingen GER"]
[Date "2022.06.10"]
[Round "8"]
[White "Burdett, Sabah"]
[Black "Aguike, Chidera"]
[Result "0-1"]
[Termination "normal"]
[Board "10"]
[WhiteElo "1247"]
[BlackElo "1266"]
[PlyCount "106"]
[WhiteFideId "16267702"]
[BlackFideId "34611339"]
[EventCountry "GER"]
[EventRounds "9"]
[EventType "swiss"]
[EventDate "2022.06.04"]

1. d4 d5 2. Bf4 Bf5 3. e3 e6 4. Nf3 Nc6 5. Bd3 Bxd3 6. cxd3 Nce7 7. Nc3 Ng6 8.
Bg3 c6 9. Rc1 Bd6 10. e4 Bxg3 11. hxg3 N8e7 12. Qd2 O-O 13. O-O f5 14. exd5
exd5 15. Ne2 Qd6 16. Rfe1 Rf6 17. Rc3 Re8 18. Rb3 b6 19. Nf4 Nh8 20. Rc3 Kf8
21. Ng5 Kg8 22. Qc1 Rh6 23. Ra3 a5 24. Qd2 Nhg6 25. Re6 Qc7 26. Rc3 Kf8 27. Qe3
Nxf4 28. gxf4 Qd7 29. Qe5 Ng6 30. Rxe8+ Qxe8 31. Qxe8+ Kxe8 32. Rxc6 Nxf4 33.
Rc8+ Kd7 34. Rb8 Kc7 35. Ra8 Nxd3 36. b3 Nb4 37. Ra7+ Kc6 38. Rxg7 Rg6 39.
Rxg6+ hxg6 40. Nf3 Nxa2 41. Kf1 Nc1 42. Ne5+ Kb5 43. Nxg6 Nxb3 44. Nf4 Nxd4 45.
Nxd5 a4 46. Nc3+ Ka5 47. Ke1 b5 48. Nxa4 bxa4 49. Kd1 Kb4 50. Kc1 Kb3 51. Kb1
a3 52. Ka1 a2 53. f3 Nc2# 0-1

[Event "ODJM C 2022"]
[Site "Willingen GER"]
[Date "2022.06.10"]
[Round "8"]
[White "Schwedhelm, Dennis"]
[Black "Gauer, Liam"]
[Result "0-1"]
[Termination "normal"]
[Board "11"]
[WhiteElo "1154"]
[BlackElo "1028"]
[PlyCount "110"]
[WhiteFideId "16228995"]
[BlackFideId "16235720"]
[EventCountry "GER"]
[EventRounds "9"]
[EventType "swiss"]
[EventDate "2022.06.04"]

1. d4 d5 2. c4 dxc4 3. Nc3 Bf5 4. e3 e6 5. Bxc4 Nf6 6. Nf3 Ne4 7. Qb3 Nd6 8.
Be2 c6 9. e4 Bg4 10. e5 Bxf3 11. Bxf3 Nf5 12. Ne2 Qd7 13. Be4 Nxd4 14. Nxd4
Qxd4 15. Bf3 Qxe5+ 16. Be3 Qc7 17. O-O Bd6 18. h3 Nd7 19. Rad1 Nc5 20. Qc3 Nd7
21. Rd2 Be5 22. Qd3 b6 23. Rfd1 Rd8 24. Qc4 c5 25. Qb5 Ke7 26. Qc6 Qxc6 27.
Bxc6 Nb8 28. Ba4 Rxd2 29. Rxd2 Rd8 30. b3 Rxd2 31. Bxd2 a6 32. b4 cxb4 33.
Bxb4+ Bd6 34. Bc3 g6 35. Kf1 b5 36. Bb3 Nc6 37. Ke2 Be5 38. Bxe5 Nxe5 39. Ke3
Kd6 40. Kd4 Nc6+ 41. Ke3 Kc5 42. Kf4 h6 43. g4 Kb4 44. Ke4 Ka3 45. f4 Nb4 46.
Kd4 Nxa2 47. Bd1 a5 48. Kd3 b4 49. Kc2 b3+ 50. Kb1 b2 51. Kc2 a4 52. h4 b1=Q+
53. Kxb1 Nc3+ 54. Kc2 Nxd1 55. Kxd1 Kb2 0-1

[Event "ODJM C 2022"]
[Site "Willingen GER"]
[Date "2022.06.10"]
[Round "8"]
[White "Zheng, Yanchen"]
[Black "Zinnikus, Elias"]
[Result "1-0"]
[Termination "normal"]
[Board "13"]
[WhiteElo "1111"]
[BlackElo "1282"]
[PlyCount "51"]
[WhiteFideId "34622268"]
[BlackFideId "16245024"]
[EventCountry "GER"]
[EventRounds "9"]
[EventType "swiss"]
[EventDate "2022.06.04"]

1. d4 Nf6 2. c4 g6 3. Nc3 Bg7 4. e4 d6 5. Be2 O-O 6. Be3 Nc6 7. g4 e5 8. d5 Ne7
9. h4 Qd7 10. f3 h5 11. g5 Nh7 12. Qd2 f5 13. gxf6 Nxf6 14. Bh6 Qe8 15. O-O-O
c6 16. Kb1 a5 17. Bxg7 Kxg7 18. Nh3 Bxh3 19. Rxh3 Rb8 20. Rg3 b5 21. dxc6 Qxc6
22. cxb5 Qb6 23. Qxd6 Qxd6 24. Rxd6 Rfd8 25. Re6 Nc8 26. Rxe5 1-0

[Event "ODJM C 2022"]
[Site "Willingen GER"]
[Date "2022.06.10"]
[Round "8"]
[White "Braschler, David"]
[Black "Klockhaus, Daniel"]
[Result "1-0"]
[Termination "normal"]
[Board "15"]
[WhiteElo "1046"]
[BlackElo "1451"]
[PlyCount "71"]
[WhiteFideId "34623850"]
[BlackFideId "16299132"]
[EventCountry "GER"]
[EventRounds "9"]
[EventType "swiss"]
[EventDate "2022.06.04"]

1. e4 c6 2. d4 d5 3. e5 Bf5 4. Nc3 e6 5. g4 Bg6 6. Nge2 h6 7. Nf4 Bh7 8. Bd3
Bxd3 9. Qxd3 Nd7 10. h4 c5 11. Be3 a6 12. Qd2 Qc7 13. a3 cxd4 14. Bxd4 Nxe5 15.
Qe2 Bd6 16. Bxe5 Bxe5 17. O-O-O Bxf4+ 18. Kb1 Rd8 19. Nxd5 Qe5 20. Nxf4 Rxd1+
21. Rxd1 Qxf4 22. Qd3 Qc7 23. Qd4 e5 24. Re1 f6 25. f4 Qd7 26. Qf2 Ne7 27. g5
Qd4 28. Qg2 Qxf4 29. gxf6 Qxh4 30. f7+ Kxf7 31. Rxe5 Qf6 32. Re2 Qg6 33. Rxe7+
Kf6 34. Re6+ Kxe6 35. Qxg6+ Ke7 36. Qxg7+ 1-0

[Event "ODJM C 2022"]
[Site "Willingen GER"]
[Date "2022.06.10"]
[Round "8"]
[White "Stepanjan, Tatevik Mia"]
[Black "Seelinger, Elina"]
[Result "0-1"]
[Termination "normal"]
[Board "17"]
[WhiteElo "1057"]
[BlackElo "1022"]
[PlyCount "124"]
[WhiteFideId "16246128"]
[BlackFideId "34623485"]
[EventCountry "GER"]
[EventRounds "9"]
[EventType "swiss"]
[EventDate "2022.06.04"]

1. e4 e5 2. Nf3 Nc6 3.Bb5 a6 4. Ba4 Bc5 5. d3 d6 6. Nc3 Nge7 7. Bg5 Bd7 8. O-O
O-O 9. Nd5 Re8 10. Bxc6 Bxc6 11. Nxe7+ Rxe7 12. Bxe7 Qxe7 13. c3 Rd8 14. d4 Bb6
15. d5 Bb5 16. Re1 a5 17. b3 c6 18. c4 Ba6 19. a4 Bc5 20. Qd3 Bb4 21. Re3 Re8
22. Ne1 Bc5 23. Rh3 Qf6 24. Qg3 b6 25. dxc6 Bc8 26. Rh4 g5 27. Nf3 h6 28. Rd1
Kf8 29. Rh5 Qg6 30. Rh3 Bxh3 31. gxh3 Rc8 32. Qg4 Rxc6 33. Nd2 Rc7 34. Qf5 Qxf5
35. exf5 Rd7 36. Ne4 Ke7 37. Kg2 Rd8 38. Nxc5 dxc5 39. Rxd8 Kxd8 40. Kf3 Ke7
41. Ke4 Kd6 42. f3 h5 43. Ke3 Ke7 44. Kd3 Kf6 45. h4 Kxf5 46. hxg5 Kxg5 47. Ke4
f6 48. Ke3 f5 49. Kf2 Kf4 50. Ke2 e4 51. fxe4 Kxe4 52. Kf2 Kf4 53. h3 h4 54.
Kg2 Ke3 55. Kf1 Kf3 56. Kg1 Ke2 57. Kh2 f4 58. Kg1 f3 59. b4 f2+ 60. Kh2 f1=Q
61. bxc5 Kf2 62. cxb6 Qg2# 0-1

[Event "ODJM C 2022"]
[Site "Willingen GER"]
[Date "2022.06.10"]
[Round "8"]
[White "Yan, Haichen"]
[Black "Steinkamp, Matthis"]
[Result "1/2-1/2"]
[Termination "normal"]
[Board "18"]
[WhiteElo "1188"]
[BlackElo "942"]
[PlyCount "96"]
[WhiteFideId "34607951"]
[BlackFideId "16287622"]
[EventCountry "GER"]
[EventRounds "9"]
[EventType "swiss"]
[EventDate "2022.06.04"]

1. d4 d5 2. c4 e6 3. Nc3 Nf6 4. Nf3 c5 5. e3 Nc6 6. a3 Be7 7. dxc5 Bxc5 8. b4
Be7 9. cxd5 Nxd5 10. Nxd5 exd5 11. Bb2 O-O 12. Bd3 Qd6 13. h3 Bf6 14. Bxf6 Qxf6
15. O-O Bf5 16. Re1 Rad8 17. Qc2 Bxd3 18. Qxd3 d4 19. Qb3 a6 20. Rad1 Rd7 21.
Re2 Rfd8 22. Red2 h6 23. Qb2 d3 24. Qxf6 gxf6 25. Ne1 Ne5 26. f4 Nc4 27. Rxd3
Rxd3 28. Rxd3 Rxd3 29. Nxd3 Nxe3 30. Nc5 Nc4 31. Nxb7 Nxa3 32. Nc5 Kg7 33. Nxa6
Kg6 34. g4 f5 35. b5 Nxb5 36. Kf2 fxg4 37. hxg4 f5 38. Kf3 Nd6 39. Nc5 fxg4+
40. Kxg4 h5+ 41. Kh4 Nf5+ 42. Kh3 h4 43. Ne4 Kh5 44. Nf6+ Kg6 45. Ne4 Kh5 46.
Nf6+ Kg6 47. Ne4 Kh5 48. Nf6+ Kg6 1/2-1/2

[Event "ODJM C 2022"]
[Site "Willingen GER"]
[Date "2022.06.10"]
[Round "8"]
[White "Schilay, Vinzenz"]
[Black "Rabus, Johann"]
[Result "1-0"]
[Termination "normal"]
[Board "19"]
[WhiteElo "1003"]
[BlackElo "1079"]
[PlyCount "53"]
[WhiteFideId "12983209"]
[BlackFideId "34602950"]
[EventCountry "GER"]
[EventRounds "9"]
[EventType "swiss"]
[EventDate "2022.06.04"]

1. e4 c6 2.Nc3 d5 3. exd5 cxd5 4. d4 Nf6 5. Nf3 Qc7 6. Be3 Bg4 7. Bd3 e6 8. Qd2
Bb4 9. h3 Bh5 10. g4 Bg6 11. Bxg6 fxg6 12. Ng5 Qc6 13. O-O-O h6 14. Nf3 Ne4 15.
Qd3 O-O 16. Ne5 Qc7 17. Nxe4 dxe4 18. Qxe4 g5 19. Rhf1 Nd7 20. Ng6 Rfc8 21. c3
Bxc3 22. Ne7+ Kh8 23. Nxc8 Bxd4+ 24. Kb1 Bf6 25. Nd6 Be7 26. Qxb7 Rc8 27. Qxc8+
1-0

[Event "ODJM C 2022"]
[Site "Willingen GER"]
[Date "2022.06.10"]
[Round "8"]
[White "Eitel, Luc"]
[Black "Classen, Miguel"]
[Result "1/2-1/2"]
[Termination "normal"]
[Board "20"]
[WhiteElo "1220"]
[BlackElo "881"]
[PlyCount "56"]
[WhiteFideId "16299728"]
[BlackFideId "34623825"]
[EventCountry "GER"]
[EventRounds "9"]
[EventType "swiss"]
[EventDate "2022.06.04"]

1. e4 e6 2. d4 d5 3. e5 c5 4. c3 Nc6 5. Nf3 Qb6 6. Be2 Nge7 7. Bd3 Bd7 8. dxc5
Qxc5 9. b4 Qb6 10. O-O a5 11. b5 Na7 12. a4 Nec8 13. Ba3 Bxa3 14. Nxa3 O-O 15.
Nc2 f6 16. exf6 Rxf6 17. Ne5 Qd6 18. Re1 Be8 19. Nd4 Qf8 20. Qc2 h6 21. Re3 Ne7
22. Rf3 Nac8 23. Rxf6 Qxf6 24. Re1 Nd6 25. Re3 Ndf5 26. Nxf5 Nxf5 27. Re1 Rc8
28. Bxf5 Qxf5 1/2-1/2